[Event "Bunratty Masters"]
[Site "Bunratty IRL"]
[Date "2011.02.27"]
[Round "5"]
[White "Baburin, Alexander"]
[Black "Collins, Sam"]
[Result "1-0"]
[WhiteTitle "GM"]
[BlackTitle "IM"]
[WhiteElo "2539"]
[BlackElo "2436"]
[Plycount "81"]
[WhiteFideId "2500914"]
[BlackFideId "2501198"]
[EventDate "2011.03.25"]
[Source "TWIC 856"]

1. d4 e6 2. c4 d5 3. Nf3 c5 4. cxd5 exd5 5. g3 Nc6 6. Bg2 Nf6 7. O-O Be7 8. Nc3
O-O 9. dxc5 Bxc5 10. Bg5 d4 11. Ne4 Be7 12. Bxf6 Bxf6 13. Ne1 Re8 14. Nd3 Be7
15. Rc1 Qb6 16. Qd2 h6 17. Nec5 a5 18. a3 Bd6 19. Qc2 Ne5 20. Nf4 Nc6 21. Nd5
Qd8 22. Rfe1 Re5 23. Nd3 Re8 24. Qb3 a4 25. Qb6 Ra5 26. Qxd8 Rxd8 27. Nb6 Be6
28. Bxc6 bxc6 29. Rxc6 Ra6 30. Rec1 g5 31. Kf1 Kg7 32. Ke1 Bf8 33. Kd2 Re8 34.
Nc5 Bxc5 35. R1xc5 Rb8 36. Rb5 Ra7 37. Rb4 Rab7 38. Kd3 Bb3 39. Kxd4 Re7 40. e4
Rd8+ 41. Ke3 1-0

[Event "Bunratty Masters"]
[Site "Bunratty IRL"]
[Date "2011.02.27"]
[Round "5"]
[White "Heidenfeld, Mark"]
[Black "Short, Philip"]
[Result "0-1"]
[WhiteTitle "IM"]
[BlackTitle "FM"]
[WhiteElo "2379"]
[BlackElo "2293"]
[Plycount "50"]
[WhiteFideId "2500990"]
[BlackFideId "2500086"]
[EventDate "2011.03.25"]
[Source "TWIC 856"]

1. e4 e6 2. d4 d5 3. Nc3 Bb4 4. Ne2 Nf6 5. Bg5 dxe4 6. a3 Be7 7. Bxf6 Bxf6 8.
Nxe4 O-O 9. Qd2 e5 10. Nxf6+ Qxf6 11. dxe5 Qxe5 12. O-O-O Nd7 13. Ng3 Nc5 14.
Bc4 Be6 15. Rhe1 Qf6 16. Qe3 Na4 17. Qd4 Bxc4 18. Qxf6 gxf6 19. b3 Nc3 20. Rd7
Bb5 21. Rd4 Rfe8 22. Rxe8+ Rxe8 23. Kb2 Ne2 24. Rg4+ Kf8 25. Nh5 Re6 0-1

[Event "Bunratty Masters"]
[Site "Bunratty IRL"]
[Date "2011.02.27"]
[Round "5"]
[White "Moynihan, Kieran"]
[Black "Griffiths, Ryan Rhys"]
[Result "0-1"]
[WhiteElo "2140"]
[BlackElo "2245"]
[Plycount "48"]
[WhiteFideId "2500663"]
[BlackFideId "2502054"]
[EventDate "2011.03.25"]
[Source "TWIC 856"]

1. d4 Nf6 2. Nf3 e6 3. Bg5 h6 4. Bh4 d6 5. Nbd2 g5 6. Bg3 Nh5 7. e3 Bg7 8. c3
Nd7 9. Qb3 Qe7 10. Qc4 c5 11. dxc5 Nxc5 12. Nb3 Nxg3 13. hxg3 O-O 14. Rd1 b6 15.
Be2 d5 16. Qb4 a5 17. Qxb6 Na4 18. Qc6 Bd7 19. Qc7 Rfc8 20. Qb7 Rab8 21. Qa7 Qd6
22. e4 Nxb2 23. O-O Nxd1 24. Rxd1 Bxc3 0-1

[Event "Bunratty Masters"]
[Site "Bunratty IRL"]
[Date "2011.02.27"]
[Round "5"]
[White "Doyle, Hugh"]
[Black "Maroroa, Sue"]
[Result "0-1"]
[BlackTitle "WIM"]
[WhiteElo "1916"]
[BlackElo "2019"]
[Plycount "74"]
[WhiteFideId "2500876"]
[BlackFideId "4301498"]
[EventDate "2011.03.25"]
[Source "TWIC 856"]

1. c4 Nf6 2. g3 g6 3. Bg2 Bg7 4. Nc3 c6 5. e4 e5 6. Nge2 d6 7. d4 O-O 8. h3 Nbd7
9. O-O Re8 10. Be3 Qe7 11. d5 c5 12. Qd2 a6 13. a4 a5 14. Bg5 b6 15. g4 Ba6 16.
b3 Qf8 17. Ng3 h6 18. Be3 Kh7 19. f3 Rad8 20. h4 h5 21. Bg5 hxg4 22. fxg4 Nxg4
23. Bxd8 Rxd8 24. Qe2 Ndf6 25. h5 Qh8 26. Bf3 Bc8 27. Kg2 Kg8 28. Rh1 gxh5 29.
Rh4 Qh6 30. Rah1 Qg5 31. Nxh5 Nxh5 32. Rxh5 Qg6 33. Kf1 Qf6 34. Ke1 Nh6 35. Qg2
Kf8 36. Rg1 Ke7 37. Rg5 Bf8 0-1

[Event "Bunratty Masters"]
[Site "Bunratty IRL"]
[Date "2011.02.27"]
[Round "5"]
[White "Magee, Ronan"]
[Black "Wilson, Alexandra"]
[Result "1/2-1/2"]
[BlackTitle "WFM"]
[WhiteElo "1892"]
[BlackElo "2037"]
[Plycount "94"]
[WhiteFideId "2503000"]
[BlackFideId "411000"]
[EventDate "2011.03.25"]
[Source "TWIC 856"]

1. e4 e6 2. d4 d5 3. Nc3 Bb4 4. e5 c5 5. a3 Bxc3+ 6. bxc3 Ne7 7. Nf3 Nbc6 8. Bd3
Bd7 9. O-O Nf5 10. Bxf5 exf5 11. Bg5 Qa5 12. Bd2 Qc7 13. c4 Be6 14. cxd5 Bxd5
15. c3 O-O-O 16. Be3 f6 17. exf6 gxf6 18. Nd2 f4 19. Qg4+ Rd7 20. Qxf4 Qxf4 21.
Bxf4 cxd4 22. cxd4 Nxd4 23. Rfe1 Rg8 24. g3 Bc6 25. Rac1 h5 26. f3 Kd8 27. Kf2
h4 28. Ne4 hxg3+ 29. hxg3 Bxe4 30. Rxe4 Rh8 31. g4 b6 32. Be3 Nb3 33. Rc3 Nd2
34. Bxd2 Rxd2+ 35. Kg3 Rh7 36. Kf4 Rd5 37. Rec4 Rhd7 38. Rc8+ Ke7 39. Rh8 Rd4+
40. Ke3 Ke6 41. f4 Ra4 42. Rh6 Re7 43. Kf3 Rf7 44. Rc6+ Kd5 45. Rhxf6 Rxa3+ 46.
Kf2 Ra2+ 47. Kg3 Ra3+ 1/2-1/2

[Event "Bunratty Masters"]
[Site "Bunratty IRL"]
[Date "2011.02.27"]
[Round "6"]
[White "Griffiths, Ryan Rhys"]
[Black "Pein, Malcolm"]
[Result "1-0"]
[BlackTitle "IM"]
[WhiteElo "2245"]
[BlackElo "2390"]
[Plycount "87"]
[WhiteFideId "2502054"]
[BlackFideId "400289"]
[EventDate "2011.03.25"]
[Source "TWIC 856"]

1. c4 Nf6 2. g3 g6 3. Bg2 Bg7 4. Nc3 O-O 5. e4 d6 6. Nge2 c6 7. O-O Nbd7 8. d3
a6 9. h3 b5 10. Be3 Rb8 11. b3 Nb6 12. Rc1 b4 13. Nb1 c5 14. d4 Qc7 15. d5 e5
16. dxe6 fxe6 17. f4 Bb7 18. Qc2 Nc8 19. g4 Ne7 20. Nd2 Bc6 21. Ng3 Rf7 22. Nf3
Nd7 23. Rcd1 h6 24. Nh4 Nf8 25. Qd2 Nc8 26. f5 exf5 27. exf5 g5 28. Nf3 Nd7 29.
h4 gxh4 30. Nh5 Nf6 31. Nxf6+ Rxf6 32. Nxh4 Ne7 33. g5 hxg5 34. Bxg5 Rbf8 35.
Bxf6 Rxf6 36. Rde1 Qd7 37. Rxe7 Qxe7 38. Bxc6 Rh6 39. Bd5+ Kh7 40. f6 Rxf6 41.
Qd3+ Kh8 42. Ng6+ Rxg6+ 43. Qxg6 Bd4+ 44. Kh1 1-0

[Event "Bunratty Masters"]
[Site "Bunratty IRL"]
[Date "2011.02.27"]
[Round "6"]
[White "Short, Philip"]
[Black "Short, Nigel D"]
[Result "0-1"]
[WhiteTitle "FM"]
[BlackTitle "GM"]
[WhiteElo "2293"]
[BlackElo "2658"]
[Plycount "52"]
[WhiteFideId "2500086"]
[BlackFideId "400025"]
[EventDate "2011.03.25"]
[Source "TWIC 856"]

1. d4 e6 2. c4 b6 3. Nf3 Bb7 4. e3 Nf6 5. Bd3 c5 6. dxc5 bxc5 7. O-O Qc7 8. Nc3
a6 9. e4 Nc6 10. Qe2 Bd6 11. g3 O-O 12. b3 Ng4 13. Bb2 Nge5 14. Nxe5 Bxe5 15.
Qd2 Bd4 16. Kg2 Ne5 17. Bc2 f5 18. f3 f4 19. Nd1 Nc6 20. Bxd4 Nxd4 21. Bd3 Rf6
22. Nc3 fxg3 23. hxg3 Raf8 24. f4 g5 25. Ne2 Nxe2 26. Qxe2 gxf4 0-1

[Event "Bunratty Masters"]
[Site "Bunratty IRL"]
[Date "2011.02.27"]
[Round "6"]
[White "Williams, Simon K"]
[Black "Osborne, Sam"]
[Result "1-0"]
[WhiteTitle "GM"]
[WhiteElo "2513"]
[BlackElo "2045"]
[Plycount "105"]
[WhiteFideId "404454"]
[BlackFideId "2501791"]
[EventDate "2011.03.25"]
[Source "TWIC 856"]

1. Na3 Nf6 2. g3 g6 3. Bg2 Bg7 4. b4 O-O 5. Bb2 c6 6. Rb1 d5 7. Nf3 Nbd7 8. O-O
Re8 9. c4 Nb6 10. cxd5 cxd5 11. d3 Bg4 12. Ne5 Be6 13. Nb5 Ng4 14. Nxg4 Bxg4 15.
Bxg7 Kxg7 16. Rc1 Rc8 17. Nxa7 Ra8 18. Nb5 Rxa2 19. Qb3 Ra4 20. Nc7 Rf8 21. Nxd5
Be6 22. Qc3+ Kg8 23. Nc7 Bc8 24. Qc5 Qd6 25. Nb5 Qf6 26. Nc3 Ra3 27. Ne4 Qe6 28.
Qd4 Nd7 29. Rc7 h6 30. Rfc1 Ra8 31. f4 Rd8 32. Kf2 Kh7 33. h3 Re8 34. R1c2 Rd8
35. Qe3 Kg8 36. Nc3 Qd6 37. Rc4 Nb6 38. Rc5 Nd7 39. Rb5 Rb8 40. Ne4 Qa6 41. Ra5
Qe6 42. Qd4 Re8 43. Rc7 b6 44. Raa7 Rd8 45. g4 Kh7 46. b5 Kg8 47. Bf3 Kh7 48. h4
Kg8 49. h5 Kh7 50. hxg6+ fxg6 51. Rc6 Qf7 52. Ra1 Bb7 53. Ng5+ 1-0

[Event "Bunratty Masters"]
[Site "Bunratty IRL"]
[Date "2011.02.27"]
[Round "6"]
[White "Collins, Sam"]
[Black "Freeman, Gordon"]
[Result "1/2-1/2"]
[WhiteTitle "IM"]
[WhiteElo "2436"]
[BlackElo "2132"]
[Plycount "86"]
[WhiteFideId "2501198"]
[BlackFideId "2501309"]
[EventDate "2011.03.25"]
[Source "TWIC 856"]

1. c4 e5 2. g3 Nc6 3. Nc3 g6 4. Bg2 Bg7 5. e4 d6 6. Nge2 Nge7 7. d3 O-O 8. O-O
f5 9. Nd5 Nxd5 10. cxd5 Ne7 11. Qb3 Kh8 12. Be3 c5 13. dxc6 Nxc6 14. exf5 gxf5
15. f4 Qe7 16. Rae1 Be6 17. Qa3 Qd7 18. Rd1 Rfe8 19. Rfe1 Qf7 20. d4 e4 21. b4
Bxa2 22. b5 Ne7 23. Nc3 Bc4 24. Qxd6 Nd5 25. Nxd5 Rad8 26. Qb4 Qxd5 27. Rc1 Rc8
28. Bf1 Bxf1 29. Rxf1 Red8 30. Rfd1 Rxc1 31. Rxc1 Bxd4 32. Qxd4+ Qxd4 33. Bxd4+
Rxd4 34. Rc5 Rd1+ 35. Kf2 Rd2+ 36. Ke3 Rxh2 37. Rxf5 Rg2 38. Rf7 Rxg3+ 39. Kxe4
Rg7 40. Rf8+ Rg8 41. Rf7 Rg7 42. Rf8+ Rg8 43. Rf7 Rg7 1/2-1/2

[Event "Bunratty Masters"]
[Site "Bunratty IRL"]
[Date "2011.02.27"]
[Round "6"]
[White "Clement"]
[Black "Cooper, Lawrence H"]
[Result "0-1"]
[WhiteTitle "FM"]
[BlackTitle "IM"]
[WhiteElo "2254"]
[BlackElo "2316"]
[Plycount "94"]
[WhiteFideId "1208926"]
[BlackFideId "401536"]
[EventDate "2011.03.25"]
[Source "TWIC 856"]

1. e4 e5 2. Nf3 Nc6 3. Bc4 Bc5 4. O-O Nf6 5. d4 exd4 6. e5 d5 7. exf6 dxc4 8.
Re1+ Be6 9. Ng5 Qd5 10. Nc3 Qf5 11. Nce4 O-O-O 12. g4 Qe5 13. fxg7 Rhg8 14. Nxe6
fxe6 15. Bh6 d3 16. Nxc5 Qxc5 17. c3 Ne5 18. Re3 Nf7 19. g5 Nxh6 20. gxh6 Qg5+
21. Rg3 Qxh6 22. Qg4 Rd7 23. Qxc4 Rgxg7 24. Rd1 Rxg3+ 25. hxg3 Qg6 26. Qf4 h5
27. Rd2 Rd5 28. c4 Rd8 29. b3 Rd7 30. Qf8+ Rd8 31. Qf4 b6 32. f3 Qg7 33. Kf2 Qc3
34. Qe3 e5 35. Kf1 a5 36. Kf2 Kb7 37. Qe4+ Kb8 38. Qe3 a4 39. bxa4 Qxc4 40. a5
Qc5 41. axb6 cxb6 42. Rb2 Kc7 43. Rd2 Kc6 44. a4 Rd7 45. a5 bxa5 46. Qxc5+ Kxc5
47. Ke3 Kc4 0-1

[Event "Bunratty Masters"]
[Site "Bunratty IRL"]
[Date "2011.02.27"]
[Round "6"]
[White "Fitzsimons, David"]
[Black "Heidenfeld, Mark"]
[Result "1/2-1/2"]
[BlackTitle "IM"]
[WhiteElo "2240"]
[BlackElo "2379"]
[Plycount "36"]
[WhiteFideId "2501961"]
[BlackFideId "2500990"]
[EventDate "2011.03.25"]
[Source "TWIC 856"]

1. e4 e6 2. d4 d5 3. Nc3 dxe4 4. Nxe4 Nd7 5. Nf3 Ngf6 6. Bd3 Nxe4 7. Bxe4 Nf6 8.
Bg5 Be7 9. Bxf6 gxf6 10. Qe2 c6 11. O-O Qc7 12. c4 f5 13. Bc2 O-O 14. Rad1 Bf6
15. d5 cxd5 16. cxd5 exd5 17. Nd4 Qf4 18. Qe3 Qxe3 1/2-1/2

[Event "Bunratty Masters"]
[Site "Bunratty IRL"]
[Date "2011.02.27"]
[Round "6"]
[White "Duffy, Seamus"]
[Black "Moynihan, Kieran"]
[Result "1/2-1/2"]
[WhiteElo "2022"]
[BlackElo "2140"]
[Plycount "22"]
[WhiteFideId "2501708"]
[BlackFideId "2500663"]
[EventDate "2011.03.25"]
[Source "TWIC 856"]

1. b3 f5 2. e4 d6 3. exf5 Bxf5 4. Qf3 Qc8 5. Bb2 Nf6 6. Nc3 c6 7. h3 Na6 8. Bxa6
bxa6 9. Nge2 e5 10. Ng3 Be6 11. O-O Be7 1/2-1/2

[Event "Bunratty Masters"]
[Site "Bunratty IRL"]
[Date "2011.02.27"]
[Round "6"]
[White "Fox, Anthony"]
[Black "Wolferink, Frans"]
[Result "0-1"]
[WhiteElo "2115"]
[BlackElo "2097"]
[Plycount "70"]
[WhiteFideId "2500736"]
[BlackFideId "1003917"]
[EventDate "2011.03.25"]
[Source "TWIC 856"]

1. e4 g6 2. d4 Bg7 3. Nf3 c6 4. c3 d5 5. e5 Bg4 6. Nbd2 c5 7. h3 Bxf3 8. Nxf3
Nc6 9. Bd3 e6 10. O-O Nge7 11. Re1 cxd4 12. cxd4 Qb6 13. Qa4 O-O 14. a3 Na5 15.
b4 Nc4 16. Qb3 Rac8 17. Be3 Nc6 18. Rab1 Qd8 19. b5 N6a5 20. Qa2 Qe7 21. a4 Nxe3
22. fxe3 Rc3 23. Qe2 Rfc8 24. e4 Bh6 25. exd5 exd5 26. g3 Qe6 27. Kh2 Nb3 28.
Rbd1 Nc1 29. Qf1 Nxd3 30. Rxd3 Rc2+ 31. Re2 Qf5 32. Rxc2 Rxc2+ 33. Kg1 Qe4 34.
h4 Be3+ 35. Kh1 Rf2 0-1

[Event "Bunratty Masters"]
[Site "Bunratty IRL"]
[Date "2011.02.27"]
[Round "6"]
[White "Doyle, Hugh"]
[Black "Porter, Liam"]
[Result "1/2-1/2"]
[WhiteElo "1916"]
[BlackElo "1983"]
[Plycount "43"]
[WhiteFideId "2500876"]
[BlackFideId "2502992"]
[EventDate "2011.03.25"]
[Source "TWIC 856"]

1. c4 f5 2. g3 e5 3. Bg2 Nf6 4. Nc3 d6 5. d3 Nc6 6. e4 g6 7. Nge2 Bg7 8. O-O O-O
9. Bd2 Nd4 10. h3 fxe4 11. dxe4 Nxe2+ 12. Qxe2 Bd7 13. Be3 Be6 14. Rac1 Qe7 15.
b3 c6 16. Rfd1 Rfd8 17. Rd3 Rd7 18. Qd2 b6 19. a4 Rad8 20. Rd1 d5 21. cxd5 cxd5
22. Bg5 1/2-1/2

[Event "Bunratty Masters"]
[Site "Bunratty IRL"]
[Date "2011.02.27"]
[Round "6"]
[White "Fehr, Jukka"]
[Black "Magee, Ronan"]
[Result "1/2-1/2"]
[WhiteElo "2003"]
[BlackElo "1892"]
[Plycount "54"]
[WhiteFideId "4674693"]
[BlackFideId "2503000"]
[EventDate "2011.03.25"]
[Source "TWIC 856"]

1. d4 d5 2. Nf3 Nf6 3. e3 e6 4. Bd3 Be7 5. Nbd2 O-O 6. O-O c5 7. c3 Nc6 8. dxc5
Bxc5 9. e4 e5 10. h3 h6 11. Qe2 Nh5 12. Nb3 Ng3 13. Qd1 Nxe4 14. Bxe4 dxe4 15.
Nfd2 e3 16. Nxc5 exd2 17. Bxd2 Qd5 18. Be3 Qxd1 19. Rfxd1 b6 20. Ne4 Be6 21. Rd6
Na5 22. b3 Nb7 23. Rdd1 Rfd8 24. c4 f5 25. Nc3 f4 26. Bd2 Rd3 27. Be1 Rad8 1/2-1/2

[Event "FSFMB April"]
[Site "Budapest HUN"]
[Date "2011.04.02"]
[Round "1"]
[White "Breen, Anthony"]
[Black "Merk, Andras"]
[Result "0-1"]
[WhiteElo "1669"]
[BlackElo "1514"]
[Plycount "36"]
[WhiteFideId "2503174"]
[BlackFideId "752614"]
[EventDate "2011.04.02"]
[Source "TWIC 857"]

1. d4 Nf6 2. Nf3 g6 3. c4 Bg7 4. Nc3 d5 5. Bf4 Bf5 6. Rc1 O-O 7. cxd5 Nxd5 8.
Bg3 a6 9. e3 Nc6 10. Qb3 Be6 11. Qa3 Ncb4 12. Be2 c6 13. Nxd5 Nxd5 14. O-O h6
15. Rfd1 Qb6 16. b3 Qb4 17. Qb2 c5 18. Rxc5 Qxc5 0-1

[Event "FSFMB April"]
[Site "Budapest HUN"]
[Date "2011.04.04"]
[Round "3"]
[White "Breen, Anthony"]
[Black "Bella, Zsolt"]
[Result "0-1"]
[WhiteElo "1669"]
[BlackElo "1471"]
[Plycount "78"]
[WhiteFideId "2503174"]
[BlackFideId "760137"]
[EventDate "2011.04.02"]
[Source "TWIC 857"]

1. d4 g6 2. Nf3 Bg7 3. g3 d6 4. Bg2 Nd7 5. O-O c6 6. Nbd2 Ngf6 7. Nc4 b5 8. Ncd2
h6 9. c4 a6 10. Qc2 Bb7 11. b3 d5 12. e4 dxe4 13. Nxe4 Nxe4 14. Qxe4 O-O 15. Ba3
Re8 16. Rad1 e6 17. Qc2 Qc7 18. Rfe1 Rad8 19. Rd3 Nb6 20. cxb5 axb5 21. Ne5 Nd5
22. Rf3 Bxe5 23. dxe5 Qa5 24. Qc1 b4 25. Qd2 Nc3 26. Qf4 Qc7 27. Qxh6 Rd1 28.
Rxd1 Nxd1 29. Bxb4 Qxe5 30. Qd2 c5 31. Qd7 Bxf3 32. Qxe8+ Kg7 33. Bxf3 Qd4 34.
Be1 Nb2 35. Ba5 Nd3 36. Bc3 Qxc3 37. Kg2 Ne1+ 38. Kh3 Qxf3 39. Qd7 Qh5# 0-1

[Event "FSFMB April"]
[Site "Budapest HUN"]
[Date "2011.04.05"]
[Round "4"]
[White "Czipp, Janos"]
[Black "Breen, Anthony"]
[Result "1/2-1/2"]
[WhiteElo "1599"]
[BlackElo "1669"]
[Plycount "88"]
[WhiteFideId "739294"]
[BlackFideId "2503174"]
[EventDate "2011.04.02"]
[Source "TWIC 857"]

1. Nf3 c5 2. c4 g6 3. e4 Nc6 4. d4 cxd4 5. Nxd4 Bg7 6. Nxc6 bxc6 7. Qc2 Rb8 8.
Bd2 Bxb2 9. Bc3 Bxa1 10. Bxa1 Qa5+ 11. Nd2 f6 12. Bd3 Nh6 13. Bc3 Qc7 14. Nf3
Nf7 15. O-O d6 16. Bd4 Bd7 17. Qc3 c5 18. Be3 O-O 19. Nh4 Rb7 20. Bc2 Rfb8 21.
Qd3 Qa5 22. Bb3 Ba4 23. Bd2 Qa6 24. Bxa4 Qxa4 25. Ra1 Ne5 26. Qd5+ Kg7 27. Rf1
Rb1 28. Nf3 Rxf1+ 29. Kxf1 Nxf3 30. gxf3 Qxa2 31. Be3 Rb4 32. Qa8 Rxc4 33. Qd5
Qa1+ 34. Kg2 Rb4 35. Qe6 Qe5 36. Qh3 a5 37. Qh6+ Kg8 38. Qh3 a4 39. Qc8+ Kg7 40.
h4 a3 41. Qe8 a2 42. h5 g5 43. h6+ Kxh6 44. Qf8+ Kg6 1/2-1/2

[Event "FSFMB April"]
[Site "Budapest HUN"]
[Date "2011.04.06"]
[Round "5"]
[White "Breen, Anthony"]
[Black "Vujosevics, Eszter"]
[Result "1-0"]
[WhiteElo "1669"]
[BlackElo "1404"]
[Plycount "79"]
[WhiteFideId "2503174"]
[BlackFideId "753050"]
[EventDate "2011.04.02"]
[Source "TWIC 857"]

1. g3 e5 2. Bg2 Nf6 3. c4 Nc6 4. Nc3 g6 5. d3 Bg7 6. e4 O-O 7. Nge2 d6 8. h3 Be6
9. O-O Qd7 10. Kh2 Nd4 11. f4 Nxe2 12. Nxe2 Qc8 13. f5 gxf5 14. exf5 Bxf5 15.
Qb3 c6 16. Be3 Be6 17. Qd1 Bg4 18. Qd2 Bh5 19. Nc3 Bg6 20. Rf2 Re8 21. Raf1 Re6
22. Ne4 Nd7 23. Ng5 Re7 24. Be4 Nf6 25. Bxg6 hxg6 26. Rxf6 Bxf6 27. Rxf6 Kg7 28.
Rxd6 Qc7 29. c5 b6 30. Qf2 Rb8 31. Qf6+ Kg8 32. cxb6 axb6 33. d4 Rbe8 34. Nxf7
Rxf7 35. Qxg6+ Kh8 36. Qh5+ Kg8 37. Rg6+ Kf8 38. Bh6+ Ke7 39. Bg5+ Kd7 40. Qg4+ 1-0

[Event "FSFMB April"]
[Site "Budapest HUN"]
[Date "2011.04.07"]
[Round "6"]
[White "Mayer, Istvan"]
[Black "Breen, Anthony"]
[Result "1-0"]
[WhiteTitle "FM"]
[WhiteElo "2023"]
[BlackElo "1669"]
[Plycount "65"]
[WhiteFideId "700908"]
[BlackFideId "2503174"]
[EventDate "2011.04.02"]
[Source "TWIC 857"]

1. e4 d5 2. exd5 Qxd5 3. d4 Nc6 4. Be3 e5 5. c4 Bb4+ 6. Nc3 Bxc3+ 7. bxc3 Qa5 8.
d5 Nce7 9. Qb3 Nf5 10. Bd2 Nf6 11. Nf3 Nd7 12. Qb4 Qc5 13. g4 e4 14. Ng5 Qxb4
15. cxb4 Nd4 16. O-O-O h6 17. Nxe4 Ne5 18. h3 Bd7 19. f4 Ng6 20. Be3 Nf3 21. Be2
Nfh4 22. f5 Ng2 23. Bd2 N6f4 24. Bf3 Ba4 25. Bxg2 Nxg2 26. Rdg1 Nh4 27. Nc5 b5
28. Re1+ Kf8 29. Bf4 Ng2 30. Bxc7 Nxe1 31. Rxe1 Kg8 32. d6 Kh7 33. Re7 1-0

[Event "FSFMB April"]
[Site "Budapest HUN"]
[Date "2011.04.08"]
[Round "7"]
[White "Breen, Anthony"]
[Black "Kozak, Adam"]
[Result "0-1"]
[WhiteElo "1669"]
[BlackElo "1690"]
[Plycount "90"]
[WhiteFideId "2503174"]
[BlackFideId "753246"]
[EventDate "2011.04.02"]
[Source "TWIC 857"]

1. e4 c5 2. Nc3 d6 3. g3 g6 4. Bg2 Bg7 5. d3 Nc6 6. Be3 e6 7. Qd2 h5 8. f4 Nge7
9. Nf3 Nd4 10. O-O Bd7 11. Ne1 Rb8 12. Nd1 h4 13. c3 hxg3 14. hxg3 Ndc6 15. d4
cxd4 16. cxd4 d5 17. exd5 exd5 18. Nf3 O-O 19. Nc3 Nf5 20. Bf2 Be6 21. Ng5 Qd7
22. Ne2 Nd6 23. Nxe6 Qxe6 24. Nc3 Nc4 25. Qc1 Nb6 26. Re1 Qd7 27. Rd1 Rfe8 28.
a4 a5 29. Bf1 Nc8 30. Nb5 Nd6 31. Nxd6 Qxd6 32. Rd2 Rbc8 33. Qc5 Qd7 34. Bb5 Qd8
35. Qa3 Re4 36. Bd3 Bf8 37. Qb3 Re7 38. g4 Qd7 39. Be2 Rxe2 40. Rxe2 Qxg4+ 41.
Kf1 Qxf4 42. Qxb7 Qf5 43. Rc1 Qh3+ 44. Ke1 Bh6 45. Be3 Bxe3 0-1

[Event "FSFMB April"]
[Site "Budapest HUN"]
[Date "2011.04.09"]
[Round "8"]
[White "Benyeda, Tibor"]
[Black "Breen, Anthony"]
[Result "1-0"]
[WhiteElo "1637"]
[BlackElo "1669"]
[Plycount "97"]
[WhiteFideId "753939"]
[BlackFideId "2503174"]
[EventDate "2011.04.02"]
[Source "TWIC 858"]

1. Nf3 Nf6 2. c4 e6 3. Nc3 d5 4. d4 Nbd7 5. Bg5 c6 6. e3 Qa5 7. a3 Ne4 8. Qc2
Bb4 9. Rc1 Bxc3+ 10. bxc3 Qxa3 11. Bd3 Nxg5 12. Nxg5 h6 13. Nf3 Qe7 14. cxd5
exd5 15. O-O Nf6 16. Rfe1 Ne4 17. c4 O-O 18. cxd5 cxd5 19. Ne5 Nf6 20. Qc7 Re8
21. Bb5 Qxc7 22. Rxc7 Rf8 23. Rec1 a6 24. Bd7 Nxd7 25. Nxd7 Bxd7 26. Rxd7 Rfc8
27. Rxc8+ Rxc8 28. g3 Rb8 29. Rxd5 b5 30. Rd6 a5 31. Ra6 a4 32. d5 Kf8 33. e4
Ke7 34. e5 Rc8 35. Ra7+ Ke8 36. d6 Rc3 37. f4 g6 38. g4 Rf3 39. Rb7 Rxf4 40.
Rxb5 Rxg4+ 41. Kf2 Rf4+ 42. Ke3 g5 43. Ra5 Rh4 44. Ra8+ Kd7 45. Ra7+ Kd8 46.
Rxf7 a3 47. e6 Rf4 48. Ra7 Rc4 49. e7+ 1-0

[Event "FSFMB April"]
[Site "Budapest HUN"]
[Date "2011.04.11"]
[Round "10"]
[White "Breen, Anthony"]
[Black "Hegedus, Peter Dr"]
[Result "0-1"]
[WhiteElo "1669"]
[BlackElo "1792"]
[Plycount "50"]
[WhiteFideId "2503174"]
[BlackFideId "713945"]
[EventDate "2011.04.02"]
[Source "TWIC 858"]

1. e4 e6 2. d4 d5 3. exd5 exd5 4. Nf3 Bd6 5. g3 Ne7 6. Bg2 Bg4 7. O-O Qd7 8. Re1
O-O 9. Nbd2 Nbc6 10. c3 Rae8 11. Nf1 Ng6 12. Ne3 Be6 13. Ng5 Nce7 14. Qh5 h6 15.
Nxe6 fxe6 16. Bh3 Rf6 17. Ng4 Rf5 18. Nxh6+ gxh6 19. Bxf5 exf5 20. Bxh6 Kf7 21.
Bg5 Rh8 22. Qe2 f4 23. h4 Qh3 24. Bxe7 Bxe7 25. Qf1 Qg4 0-1

[Event "FSFMB April"]
[Site "Budapest HUN"]
[Date "2011.04.12"]
[Round "11"]
[White "Csetneki, Mark"]
[Black "Breen, Anthony"]
[Result "0-1"]
[WhiteElo "1640"]
[BlackElo "1669"]
[Plycount "60"]
[WhiteFideId "748498"]
[BlackFideId "2503174"]
[EventDate "2011.04.02"]
[Source "TWIC 858"]

1. d4 Nf6 2. c4 c5 3. d5 b5 4. cxb5 a6 5. e3 g6 6. Nc3 Bg7 7. Nf3 O-O 8. Bc4 d6
9. O-O Nbd7 10. Qb3 axb5 11. Bxb5 Ba6 12. Nd2 Qc7 13. Bxa6 Rxa6 14. Nc4 Rb8 15.
Qc2 Nb6 16. Nxb6 Qxb6 17. Rb1 Nd7 18. a3 c4 19. Bd2 Nc5 20. Ne4 Nxe4 21. Qxe4
Qc7 22. Bc3 Bxc3 23. bxc3 Rxb1 24. Rxb1 Rxa3 25. Qd4 Qb7 26. Qd1 Rb3 27. Rxb3
cxb3 28. c4 b2 29. Qb1 Qb4 30. Kf1 Qxc4+ 0-1

[Event "Barcelo Lancashire Open"]
[Site "Blackpool ENG"]
[Date "2011.03.12"]
[Round "2"]
[White "Lund, D Brett"]
[Black "Allen, Keith"]
[Result "1-0"]
[WhiteElo "2253"]
[BlackElo "2204"]
[Plycount "81"]
[WhiteFideId "401242"]
[BlackFideId "2501147"]
[EventDate "2011.03.11"]
[Source "TWIC 858"]

1. c4 Nf6 2. g3 c6 3. b3 g6 4. Bg2 Bg7 5. Bb2 d5 6. Nf3 O-O 7. O-O Nbd7 8. d4
Ne4 9. Nbd2 Ndf6 10. Rc1 Bh6 11. e3 Bg4 12. h3 Nxd2 13. hxg4 Nxf1 14. g5 Nxe3
15. fxe3 Ng4 16. gxh6 Nxe3 17. Qd2 Nxg2 18. Kxg2 Qd6 19. Qe3 f6 20. Re1 Rae8 21.
Re2 Rf7 22. Ne1 b6 23. Nd3 c5 24. dxc5 bxc5 25. Qxc5 Rd8 26. Qxd6 Rxd6 27. cxd5
Rxd5 28. Nf4 Ra5 29. Ne6 Rxa2 30. Rd2 Rf8 31. Nxf8 Kxf8 32. Kf3 Kf7 33. Ke4 e6
34. Kd4 g5 35. Bc3 Rxd2+ 36. Bxd2 Kg6 37. b4 a6 38. Kc5 e5 39. Kb6 f5 40. Kxa6
f4 41. b5 1-0